Propuestas de geometría para educación infantil en la aplicación de recursos al currículum (ARC) (Record no. 176099)
[ view plain ]
| 000 -CABECERA | |
|---|---|
| campo de control de longitud fija | 01406nab a2200301 a 4500 |
| 005 - FECHA Y HORA DE LA ÚLTIMA TRANSACCIÓN | |
| campo de control | 20210219162421.0 |
| 008 - ELEMENTOS DE LONGITUD FIJA--INFORMACIÓN GENERAL | |
| campo de control de longitud fija | 991125s1985 mx 000 0 spa u |
| 035 ## - NÚMERO DE CONTROL DEL SISTEMA | |
| Número de control de sistema | UPN01000203998 |
| 049 ## - COLECCIÓN | |
| Colección | ART-E |
| 100 1# - ASIENTO PRINCIPAL--NOMBRE PERSONAL | |
| Nombre de persona | Torra Bitlloch, Montserrat |
| 100 1# - ASIENTO PRINCIPAL--NOMBRE PERSONAL | |
| Filiación | creamat@xtec.cat |
| 222 #0 - TÍTULO CLAVE | |
| Título clave | EDMA 0-6 : |
| Información calificativa | EDUCACION MATEMATICA EN LA INFANCIA |
| 245 00 - MENCIÓN DE TÍTULO | |
| Título | Propuestas de geometría para educación infantil en la aplicación de recursos al currículum (ARC) |
| 260 ## - PUBLICACIÓN, DISTRIBUCIÓN, ETC. | |
| Lugar de publicación, distribución, etc. | España |
| 300 ## - DESCRIPCIÓN FÍSICA | |
| Extensión | 61-66 |
| 362 0# - FECHAS DE PUBLICACIÓN Y/O DESIGNACIÓN SECUENCIAL | |
| Fecha de publicación y/o designación secuencial | 2014 Vol. 3, no. 2 |
| 336 ## - TIPO DE CONTENIDO | |
| Término de tipo de contenido | texto$2rdacontent |
| 337 ## - TIPO DE MEDIO | |
| Nombre/término del tipo de medio | computadora$2rdamedia |
| 338 ## - TIPO DE SOPORTE | |
| Nombre/término del tipo de soporte | recurso en linea$2rdacarrier |
| 520 3# - NOTA DE RESUMEN, ETC. | |
| Sumario, etc. | En este artículo presentaremos algunas propuestas de geometría para Educación Infantil, accesibles en el portal educativo Aplicación de Recursos al Currículum (ARC). En este portal, el profesorado comparte actividades, recursos y/o materiales de aula, organizados a partir del currículum. En esta ocasión presentamos propuestas aportadas por Isabel Sorigué, profesora de educación infantil, que van desde la manipulación de materiales hasta el uso de GeoGebra en parvulario. |
| 653 0# - TERMINO DE INDIZACION - NO CONTROLADO | |
| Término no controlado | MATEMATICAS |
| 653 0# - TERMINO DE INDIZACION - NO CONTROLADO | |
| Término no controlado | EDUCACION INFANTIL |
| 653 0# - TERMINO DE INDIZACION - NO CONTROLADO | |
| Término no controlado | GEOMETRIA |
| 653 0# - TERMINO DE INDIZACION - NO CONTROLADO | |
| Término no controlado | PLATAFORMA EDUCATIVA |
| 856 4# - LOCALIZACIÓN Y ACCESO ELECTRÓNICOS | |
| Identificador Uniforme del Recurso | <a href="http://www.edma0-6.es/index.php/edma0-6/article/view/57/78">http://www.edma0-6.es/index.php/edma0-6/article/view/57/78</a> |
| 905 ## - TIPO DE MATERIAL | |
| Tipo de material | Articulo |
No items available.
